[Event "EWIBCC 2019"]
[Site "Monte-Carlo"]
[Date "2019.11.29"]
[Round "1.1"]
[White "Kosteniuk, Alexandra"]
[Black "Janzelj, Lara"]
[Result "1-0"]
[WhiteElo "2483"]
[BlackElo "2158"]
[Annotator "TA"]
[PlyCount "65"]
[EventDate "2019.11.29"]
[EventType "swiss"]
[EventCountry "MNC"]
[SourceTitle "playchess.com"]
[Source "ChessBase"]
[SourceQuality "1"]

{[%evp 9,65,36,50,40,41,40,40,40,52,41,67,56,63,49,75,77,72,68,69,68,96,56,66,-48,-17,-16,-13,-68,-76,-74,0,0,0,0,0,-58,22,0,69,65,168,172,163,149,147,109,125,98,376,371,380,376,391,373,614,612,606,603]} 1. e4 e5 2. Nf3 Nc6 3. Bb5 a6 4. Ba4 b5 5. Bb3 g6 (5... Na5 6. O-O d6 7. d4 exd4 8. Nxd4 Bb7 9. c4 c5 10. Nf5 g6 11. Ne3 Bg7 12. cxb5 axb5 13. Bd5 Nf6 14. Bxb7 Nxb7 15. Nc3 b4 16. Ncd5 O-O 17. Qd3 Na5 18. a4 Re8 19. Nxf6+ Bxf6 20. Rb1 b3 21. Bd2 Nc6 22. Qxb3 Nd4 23. Qd3 Rxa4 {½-½ (23) Morozevich,A (2656)-Vallejo Pons,F (2688) Kazan 2019}) 6. c3 {C70: Ruy Lopez: 3...a6 4 Ba4, Norwegian and Delayed Schliemann} Bg7 7. a4 {Black must now prevent axb5.} b4 8. d4 {White is slightly better.} exd4 9. cxd4 d6 $146 ({Predecessor:} 9... Nge7 10. a5 d5 11. exd5 Nxd5 12. Bg5 f6 13. Qe2+ {1-0 (62) Fernandez Cardoso,A (2437)-Quesada Perez,Y (2538) Santa Clara 2019}) 10. a5 Nge7 11. d5 Ne5 12. Nxe5 Bxe5 13. Nd2 O-O 14. Nc4 Bg7 $1 15. Bg5 h6 16. Bh4 ({White should try} 16. Bd2 $14) 16... g5 17. Bg3 f5 18. exf5 (18. f3 $11) 18... Nxf5 $15 {[#] Threatens to win with ...Qe7+.} 19. O-O Nxg3 (19... Bd4 $17 20. Kh1 Qf6) 20. hxg3 $11 Qf6 21. Qd2 Rb8 22. Ba4 (22. Rae1 $11) 22... Bb7 (22... Bf5 $15) 23. Rac1 Qf5 ({Better is} 23... Bc8 $11) 24. Ne3 $14 Qf6 ({Black should play} 24... Qf7 $14) 25. Rxc7 $18 Qxb2 26. Qd3 Qd4 27. Qg6 {Intending Bc2 and mate.} Qf6 28. Qb1 $40 {[%mdl 128] Hoping for Ng4. White wants a kill.} Qb2 $2 {[%mdl 8192] [#]} (28... Bc8 $16) 29. Nf5 $1 Qxb1 30. Ne7+ Kh7 31. Rxb1 Rf7 $2 (31... Bc3 32. Nc6+ {[%mdl 64] Discovered Attack} Kg8 33. Nxb8 Rxb8) 32. Bc2+ Kh8 33. Rxb4 {Accuracy: White = 48%, Black = 42%.} 1-0

[Event "EWIBCC 2019"]
[Site "Monte-Carlo"]
[Date "2019.11.29"]
[Round "1.2"]
[White "Semenova, Elena"]
[Black "Muzychuk, Anna"]
[Result "1-0"]
[WhiteElo "2282"]
[BlackElo "2543"]
[Annotator "TA"]
[PlyCount "95"]
[EventDate "2019.11.29"]
[EventType "swiss"]
[EventCountry "MNC"]
[SourceTitle "playchess.com"]
[Source "ChessBase"]
[SourceQuality "1"]

{[%evp 10,107,24,0,18,15,12,7,12,12,10,-34,8,-2,24,14,14,8,24,5,22,23,25,25,22,22,26,25,23,20,70,56,75,39,37,35,46,-93,-104,-94,-60,-54,-54,-102,-104,-115,-102,-110,-106,-116,-92,-117,-93,-89,-59,-95,-99,-135,-135,-123,-91,-91,0,0,0,-140,-139,-112,-81,-93,-90,-75,537,533,528,507,527,479,517,440,904,861,925,933,1201,1166,1131,1125,1823,1722,2304,2613,29984,29985,29987,29988,29988,29989,29990,29991]} 1. e4 e5 2. Nf3 Nc6 3. Bc4 Bc5 4. O-O Nf6 5. d3 d6 6. Be3 O-O {C50: Hungarian Defence and Giuoco Pianissimo} (6... Bxe3 7. fxe3 Be6 8. Bxe6 fxe6 9. Nc3 O-O 10. d4 Qe7 11. Qd2 a6 12. a3 {½-½ (12) Anand,V (2788)-Aronian,L (2786) Moscow 2009}) 7. Bxc5 dxc5 8. h3 Qd6 {The position is equal.} 9. Nc3 a6 10. Nd5 $146 ({Predecessor:} 10. a4 Ne7 11. Qd2 Ng6 12. Ne2 Kh8 13. Nh2 Nh5 14. Qg5 Nhf4 15. Nxf4 Nxf4 16. Rae1 Bxh3 17. f3 Bxg2 18. Rf2 Nh3+ {0-1 (18) Schukowski,W (1292)-Ludwig,H (1496) Frankfurt 2006}) 10... h6 11. a3 Ne7 {[%cal Rf6d5]} 12. Nxe7+ Qxe7 13. Nd2 Be6 14. Qe2 a5 15. a4 b6 16. Bxe6 Qxe6 17. Nc4 Rad8 18. f4 exf4 19. Rxf4 Rd4 20. Raf1 Nh7 21. Qg4 Qxg4 22. Rxg4 Ng5 23. Rg3 (23. b3 $14 {stays ahead.}) 23... Nxe4 $1 $17 24. Rg4 Ng5 (24... Nf6 {is interesting.} 25. Rxd4 cxd4 26. Rf4 Rd8 27. g4 Nh7) 25. Rxd4 cxd4 $15 {[%mdl 4096] Endgame KRN-KRN} 26. Re1 Ne6 27. Kf2 Rd8 28. Re5 Kf8 29. g4 Ke7 30. Kf3 g6 31. h4 Kf6 32. Re1 Rd5 33. b3 h5 34. g5+ Ke7 35. Ne5 {[#]} Rc5 (35... Rd6 $1 $17) 36. Re2 $1 $11 Rd5 37. Ke4 {[#]} (37. Re1 $11 {remains equal.}) 37... Rd6 $1 $17 38. Nc4 Rd8 39. Ne5 {aiming for Nc6+.} Nc5+ 40. Kf3 {Nc6+ is the strong threat.} Ne6 $2 {[%mdl 8192]} (40... Kf8 $17 {and life is bright.}) 41. Nc6+ $18 {[%mdl 64] Double Attack} Kd7 42. Nxd8 Kxd8 {KR-KN} 43. Ke4 Ke7 44. Rf2 c5 (44... c6 $142 45. Rf1 Nc5+ 46. Kxd4 Nd7) 45. Ke5 Ng7 46. Rf6 Ke8 47. Rxb6 Nf5 48. Ra6 {Played: Rb6-b5} 1-0

[Event "EWIBCC 2019"]
[Site "Monte-Carlo"]
[Date "2019.11.29"]
[Round "1.3"]
[White "Chiburdanidze, Maia"]
[Black "Novkovic, Julia"]
[Result "1-0"]
[WhiteElo "2500"]
[BlackElo "2161"]
[Annotator "TA"]
[PlyCount "45"]
[EventDate "2019.11.29"]
[EventType "swiss"]
[EventCountry "MNC"]
[SourceTitle "playchess.com"]
[Source "ChessBase"]
[SourceQuality "1"]

{[%evp 22,45,31,27,71,38,70,-39,57,0,159,149,230,236,460,451,862,874,890,891,883,874,867,860,826,818]} 1. d4 Nf6 2. Nf3 g6 3. c4 Bg7 4. g3 d6 5. Bg2 O-O 6. Nc3 Nbd7 7. O-O c6 8. h3 Qc7 9. Qc2 e5 10. Rd1 Re8 11. dxe5 dxe5 12. Be3 b6 {E67: King's Indian: Fianchetto: 6...Nbd7} (12... Nb6 13. Bg5 Bf5 14. e4 Be6 15. b3 Rad8 16. c5 Nbd7 17. Be3 Bf8 18. Na4 h6 19. Nd2 b5 20. cxb6 axb6 {1-0 (46) Solovchuk,A (2375)-Alexikov,A (2353) Myrhorod 2011}) 13. b4 $146 ({Predecessor:} 13. Nd2 Bb7 14. Nde4 Nxe4 15. Nxe4 Re6 16. c5 Rf8 17. Rd2 Nf6 18. Nxf6+ Bxf6 19. Rad1 Bc8 20. h4 {1-0 (40) Gonzalez Zamora,J-Nielsen,P Helsinki 1952}) 13... Bb7 14. c5 (14. Ng5 $14) 14... bxc5 ({Better is} 14... Nd5 $1 $15) 15. bxc5 (15. Ng5 $1 $14) 15... Qa5 $2 {[#]} ({Black should play} 15... Nd5 $11) 16. Nd2 $16 Nxc5 (16... Qc7 $16) 17. Nc4 $18 Qb4 $2 (17... Qa6 {is a better defense.}) 18. Nd6 {White is clearly winning.} Nd5 (18... Qa5 $142 19. Bxc5 Qxc5 20. Nxb7 Qe7 21. Bxc6 Rec8) 19. Nxd5 cxd5 20. Bxc5 Rec8 21. Nxc8 Rxc8 22. Bxb4 Rxc2 23. Bxd5 {Accuracy: White = 57%, Black =  3%.} 1-0

[Event "EWIBCC 2019"]
[Site "Monte-Carlo"]
[Date "2019.11.29"]
[Round "1.4"]
[White "Petrova, Irina"]
[Black "Sebag, Marie"]
[Result "0-1"]
[WhiteElo "2109"]
[BlackElo "2443"]
[Annotator "TA"]
[PlyCount "90"]
[EventDate "2019.11.29"]
[EventType "swiss"]
[EventCountry "MNC"]
[SourceTitle "playchess.com"]
[Source "ChessBase"]
[SourceQuality "1"]

{[%evp 9,90,-25,-7,-6,-10,-9,-8,-45,-41,-66,-59,-80,-64,-101,-102,-104,-107,-110,-89,-149,-100,-214,-193,-214,-219,-240,-240,-260,-260,-260,-260,-257,-254,-253,-243,-315,-304,-301,-301,-314,-292,-328,-378,-373,-308,-460,-327,-368,-254,-505,-502,-497,-496,-489,-477,-1055,-1055,-1033,-1029,-1027,-1016,-1113,-1102,-1402,-1167,-1079,-1016,-1002,-1004,-1710,-1091,-1566,-1610,-1720,-1724,-1710,-1601,-2268,-1971,-3558,-3061,-3711,-5347]} 1. d4 d5 2. Nc3 Nf6 3. Bg5 c6 4. Bxf6 exf6 5. e3 Be6 (5... f5 6. Bd3 g6 7. Nf3 Nd7 8. O-O Bd6 9. Ne2 O-O 10. c4 dxc4 11. Bxc4 Qe7 12. Nc3 Nf6 13. Nd2 {½-½ (84) Nakamura,H (2784)-Kramnik,V (2803) Geneve 2013}) 6. Bd3 {D01: Veresov Opening} Bd6 7. Nge2 f5 8. Ng3 {The position is equal.} g6 9. O-O Nd7 {[%cal Bb8d7,Bd7f6,Bf6g4][%mdl 32]} 10. Nce2 Qc7 $146 ({Predecessor:} 10... Nf6 11. Rc1 b5 12. a4 a6 13. f3 h5 {½-½ (52) Shtembuliak,E (2007)-Baranov,J (2170) Alushta 2010}) 11. b3 {[#]} h5 $1 {[%cal Rh5h4] White must now prevent ...h4.} 12. Re1 h4 13. Nf1 Nf6 $36 {[%mdl 2048] Black has strong initiative.} 14. c4 ({White must play} 14. h3) 14... Ng4 15. f4 (15. Nf4 $17 {only move.}) 15... h3 16. g3 Bb4 17. c5 Qa5 18. a3 Bxe1 19. Qxe1 Qxe1 20. Rxe1 Ke7 21. Nc3 b6 22. b4 bxc5 23. dxc5 a5 {Strongly threatening ...axb4.} 24. b5 cxb5 25. Nxb5 Rhc8 26. Rc1 Bd7 27. Nd4 (27. Nd2 $142) 27... Bc6 28. Be2 Nf6 29. Bd3 $2 (29. Nd2) 29... Rab8 $19 {Black is clearly winning.} 30. Nd2 Rb2 31. N2f3 Rg2+ 32. Kh1 (32. Kf1 $142 Ng4 {[%mdl 64] Double Attack} 33. Ba6) 32... Ng4 {[%cal Rg4f2] [#]} 33. Rf1 Nf2+ 34. Rxf2 Rxf2 35. Ne5 Be8 36. Kg1 Ra2 37. c6 Rxa3 38. Ba6 Rc7 39. Nb5 Ra1+ 40. Kf2 Rxc6 41. Nxc6+ Bxc6 42. Nd4 Ra2+ 43. Kf3 Bd7 44. Be2 a4 45. Bf1 Rxh2 {Accuracy: White = 26%, Black = 79%.} 0-1

[Event "EWIBCC 2019"]
[Site "Monte-Carlo"]
[Date "2019.11.29"]
[Round "1.5"]
[White "Stefanova, Antoaneta"]
[Black "Nicoara, Malina"]
[Result "1-0"]
[WhiteElo "2481"]
[BlackElo "2066"]
[Annotator "TA"]
[PlyCount "73"]
[EventDate "2019.11.29"]
[EventType "swiss"]
[EventCountry "MNC"]
[SourceTitle "playchess.com"]
[Source "ChessBase"]
[SourceQuality "1"]

{[%evp 11,73,18,30,8,10,7,4,-1,6,-4,13,0,134,119,106,130,113,29,115,110,102,56,106,66,125,63,164,150,165,152,154,176,203,150,142,137,387,384,534,531,508,467,435,427,473,473,465,472,444,463,566,570,550,497,488,483,488,479,1200,1187,29980,29981,29980,29970]} 1. Nf3 Nf6 2. g3 g6 3. Bg2 Bg7 4. O-O O-O 5. d4 d6 6. a4 c6 7. Nc3 {A49: 1 d4 Nf6 2 Nf3 g6 3 g3: Anti-King's Indian systems} d5 (7... Nbd7 8. e4 e5 9. Re1 Re8 10. h3 Qc7 11. a5 Rb8 12. b3 b5 13. axb6 axb6 14. Ba3 Bf8 15. d5 Bb7 16. dxc6 Bxc6 17. Nd2 b5 18. Bb4 Ra8 19. Qe2 Qb6 {1-0 (69) Zhao,J (2604)-Adhiban,B (2655) Riadh 2017}) 8. Re1 Bf5 $146 ({Predecessor:} 8... Na6) 9. h3 {The position is equal.} h5 10. Kh2 Na6 11. Nh4 Be4 (11... Be6 $11) 12. f3 $16 Bf5 13. Nxf5 gxf5 {[#]} 14. Bf4 (14. e4 $1 $16) 14... Nb4 (14... h4 $11) 15. Qd2 a5 16. Be5 Qd7 17. Rac1 Qe6 (17... Rad8 $14) 18. Nd1 (18. e4 $16) 18... Nh7 {[#]} (18... h4 $14) 19. Bxg7 $1 $18 Kxg7 20. c3 Na6 21. e4 Rae8 22. exd5 Qxd5 23. Qf4 $36 {[%mdl 2048] Black must now prevent Ne3. White is really pushing.} f6 $2 (23... Qd7 $16 24. Ne3 e6) 24. Ne3 $1 {[%csl LRd5,LRf5][%mdl 64] Double Attack} Qf7 {Black hopes to continue with ...e6.} 25. Nxf5+ Kh8 26. Re2 e5 27. dxe5 fxe5 28. Rxe5 Rxe5 29. Qxe5+ {[%mdl 64] Double Attack} Qf6 30. Re1 Nc5 31. Qxc5 Qxf5 32. Qxf5 Rxf5 {KRB-KRN} 33. Re7 b5 34. f4 b4 {[#]} (34... Nf8 $142 35. Be4 Rf6) 35. Rxh7+ $1 Kxh7 36. Be4 Kg6 37. g4 {[%mdl 64] Pin. Accuracy: White = 56%, Black = 19%.} 1-0

[Event "EWIBCC 2019"]
[Site "Monte-Carlo"]
[Date "2019.11.29"]
[Round "1.6"]
[White "Andric, Jelena"]
[Black "Dzagnidze, Nana"]
[Result "1/2-1/2"]
[WhiteElo "2076"]
[BlackElo "2502"]
[Annotator "TA"]
[PlyCount "138"]
[EventDate "2019.11.29"]
[EventType "swiss"]
[EventCountry "MNC"]
[SourceTitle "playchess.com"]
[Source "ChessBase"]
[SourceQuality "1"]

{[%evp 16,137,27,27,32,31,48,28,16,10,20,10,79,59,58,45,52,44,111,100,102,0,101,85,118,127,114,108,107,112,114,-31,-29,-68,-76,-81,-86,-110,-106,-112,-112,-104,-86,-112,-88,-114,-117,-132,-109,-129,-73,-66,-62,-62,-56,-109,-110,-188,-122,-143,-139,-147,-145,-232,-218,-212,-141,-130,-133,-126,-127,-232,-138,-154,-151,-122,-154,-134,-18,-18,0,0,0,0,0,0,0,-7,0,0,0,0,0,0,0,0,0,0,0,0,0,0,0,0,0,0,0,0,0,0,0,0,0,0,0,0,0,0,0,0,0,0,0,0]} 1. c4 Nf6 2. g3 c5 3. Bg2 Nc6 4. Nc3 g6 5. e3 Bg7 6. Nge2 d6 7. O-O O-O 8. d3 e5 9. a3 Be6 {A24: English Opening vs King's Indian: Lines without ...Nc6} 10. Nd5 Qc8 $146 ({Predecessor:} 10... Qd7 11. Nec3 Bh3 12. Nxf6+ Bxf6 13. Bxh3 Qxh3 14. Rb1 Bg7 15. Qf3 Qd7 16. b4 b6 17. Bd2 Rad8 18. Nd5 f5 19. b5 Ne7 20. a4 {½-½ (20) Arencibia Rodriguez,W (2513)-Hernandez Guerrero,G (2572) Merida 2000}) 11. Nec3 Bh3 {White has an edge.} 12. b4 {Black should prevent b5.} Bxg2 13. Kxg2 {And now b5 would win.} Re8 (13... Nxd5 $11 14. Nxd5 Qd7) 14. Nxf6+ Bxf6 15. Nd5 Bg7 16. Rb1 e4 (16... Qd7 $14) 17. dxe4 $16 Rxe4 18. Qd3 (18. Qc2 $16 Re6 19. b5) 18... Re8 (18... Rh4 $1 $11 {keeps the balance.} 19. gxh4 Qg4+ {[%mdl 64] Double Attack} 20. Kh1 Qf3+ 21. Kg1 Qg4+ {[%mdl 64] Double Attack} 22. Kh1 Qf3+ 23. Kg1 Qg4+ {[%mdl 64] Double Attack} 24. Kh1) 19. Bb2 cxb4 20. Bxg7 Kxg7 21. axb4 Ne5 {[%cal Bc6e5,Be5c4,Bc4d2][%mdl 96] Double Attack} 22. Qd4 Qxc4 23. Qxc4 ({White has to play} 23. Rfc1 $16 Qe2 24. Nc7) 23... Nxc4 $15 24. Nc7 {Hoping for Rbc1.} Nd2 $1 {[%csl LRb1,LRf1][%mdl 64] Double Attack} 25. Nxe8+ Rxe8 26. Rfd1 Nxb1 27. Rxb1 $17 {[%mdl 4096] Endgame KR-KR} Re5 28. b5 Rc5 29. Kf3 Kf6 30. Rb2 Ke6 31. Ke4 Rc4+ 32. Kd3 Kd5 (32... Ra4 $142 $1 33. e4 d5 34. exd5+ Kxd5) 33. Ra2 Rb4 34. Rxa7 Rb3+ 35. Ke2 (35. Kc2 $15 Rxb5 36. g4) 35... Rxb5 36. Ra4 (36. Ra2 $17) 36... h5 (36... Rb2+ $19 37. Kf3 f5 38. Rd4+ Kc5) 37. Kf3 Rb2 38. e4+ Ke5 39. Ra5+ (39. Ra3 $17 {was called for.}) 39... b5 $19 {[%cal Bb7b5,Bb5b4,Bb4b3,Bb3b2][%mdl 32]} 40. Ra7 Ke6 41. Ke3 b4 42. Rb7 b3 43. h3 (43. Rb5 $17 {was worth a try.}) 43... g5 ({Better is} 43... Rb1 $1 $19 44. Kd3 b2) 44. Rb5 $17 f6 45. f4 gxf4+ 46. gxf4 {[#]} Rh2 (46... h4 $1 $17 {White must now prevent ...Rg2.} 47. Kd4 {[#]} f5 $1 {[%mdl 512]} 48. exf5+ Kf6) 47. Rxh5 $11 {The position is equal.} b2 48. Rb5 Rxh3+ 49. Kd4 Rh2 50. f5+ Kd7 51. Kc3 Kc6 52. Rxb2 Rxb2 53. Kxb2 {KPP-KPP} d5 (53... Kc5 $5 54. Kc3 $8 d5 55. exd5 Kxd5 $11) 54. Kc3 dxe4 {KPP-KP} 55. Kd4 Kd6 56. Kxe4 {KP-KP} Kc5 57. Kf4 Kd5 58. Kg3 Ke4 59. Kg4 Ke5 60. Kg3 Kxf5 {KP-K} 61. Kf3 Ke5 62. Ke3 f5 63. Kf3 f4 64. Kf2 Ke4 65. Ke2 f3+ 66. Kf2 Kf4 67. Kf1 Ke3 {( -> ...f2)} 68. Ke1 f2+ 69. Kf1 Kf3 {Accuracy: White = 52%, Black = 58%.} 1/2-1/2

[Event "EWIBCC 2019"]
[Site "Monte-Carlo"]
[Date "2019.11.29"]
[Round "1.7"]
[White "Gaponenko, Inna"]
[Black "Terbe, Julianna"]
[Result "1-0"]
[WhiteElo "2427"]
[BlackElo "2287"]
[Annotator "TA"]
[PlyCount "62"]
[EventDate "2019.11.29"]
[EventType "swiss"]
[EventCountry "MNC"]
[SourceTitle "playchess.com"]
[Source "ChessBase"]
[SourceQuality "1"]

{[%evp 20,62,21,-4,0,0,12,-72,-26,-64,-57,-96,-76,-131,-63,-110,-60,-79,-88,-275,-272,-330,-114,-172,-176,-141,-157,-162,-135,-172,-143,-160,-143,-367,-350,-341,-269,-237,-127,-126,-115,-143,-147,-165,-165]} 1. e4 c5 2. Nf3 Nc6 3. c3 d5 4. exd5 Qxd5 5. d4 Bg4 6. Be2 cxd4 7. cxd4 e6 8. Nc3 Qa5 9. O-O Nf6 10. h3 Bh5 11. a3 Bd6 {B22: Sicilian: 2 c3} (11... Be7 12. Be3 O-O 13. b4 Qd8 14. Qb3 Bd6 15. Rfd1 Ne7 16. Bg5 Nfd5 17. Nxd5 exd5 18. Rac1 h6 19. Bh4 a6 20. Rc2 Bg6 21. Bd3 Bh5 22. Be2 {0-1 (50) Hovhannisyan,M (2499)-Motylev,A (2649) Berlin 2015}) 12. Bd2 O-O $146 ({Predecessor:} 12... Qd8 13. Bg5 Be7 14. Be3 O-O 15. Rc1 h6 16. Qd2 Bd6 17. Rfd1 Ne7 18. Ne5 Bxe2 19. Qxe2 Ned5 20. Nxd5 Nxd5 21. Bd2 Qe7 22. Qg4 Nf6 {1-0 (86) Mamedjarova,T (2257)-Cosman,A (2101) Mamaia 2016}) 13. Be1 (13. Ne4 $11 {keeps the balance.} Qd5 14. Nxf6+ (14. Nxd6 Qxd6 15. Be3 Rfd8 $11) 14... gxf6 15. Rc1) 13... a6 {Black is better.} 14. Rc1 Qd8 15. Kh1 Rc8 16. Qd3 (16. Bd2 $142) 16... Qe7 (16... Bf4 $17 17. Ra1 Re8) 17. Qe3 Rfd8 18. Rd1 Bb8 19. Ne5 $2 {[#]} (19. g4 $17 {was called for.} Bg6 20. Ne5) 19... Bxe2 $19 20. Nxe2 Nd5 $2 (20... Bxe5 $1 $19 21. dxe5 Rxd1 22. exf6 Qxf6) 21. Qb3 (21. Nxc6 $17 Qc7 22. Ne7+ Qxe7 23. Qd3) 21... Nxe5 22. dxe5 Bxe5 23. Ba5 Rd7 24. Rc1 Re8 25. f4 Bb8 26. Nc3 $2 (26. Rcd1 $17) 26... Nxf4 {[#] And now ...Qg5! would win.} 27. Ne4 b6 28. Qxb6 Rb7 (28... f5 $19 29. Nc5 Rd6) 29. Qxa6 $17 Rxb2 30. Bb4 Qd7 31. Rfd1 Nd5 {[%mdl 32768] Accuracy: White = 21%, Black = 35%. . Loss on time!?} 1-0

[Event "EWIBCC 2019"]
[Site "Monte-Carlo"]
[Date "2019.11.29"]
[Round "1.8"]
[White "Johansson, Viktoria"]
[Black "Michna, Marta"]
[Result "0-1"]
[WhiteElo "2120"]
[BlackElo "2366"]
[Annotator "TA"]
[PlyCount "40"]
[EventDate "2019.11.29"]
[EventType "swiss"]
[EventCountry "MNC"]
[SourceTitle "playchess.com"]
[Source "ChessBase"]
[SourceQuality "1"]

{[%evp 17,40,0,68,20,64,68,90,84,119,96,114,114,117,100,104,39,60,60,95,46,51,35,39,53,53]} 1. d4 Nf6 2. c4 d6 3. Nf3 Nbd7 4. Nc3 e5 5. e4 g6 6. Be2 Bg7 7. O-O O-O 8. h3 c6 9. Be3 Qc7 (9... exd4 $11 10. Bxd4 (10. Nxd4 Qe7 $11) 10... Re8) 10. Qc2 {E91: King's Indian: Classical: 6 Be2, unusual replies including 6...c5 and 6...Bg4} (10. d5 c5 11. a3 Ne8 12. b4 b6 13. Qa4 h6 14. Rab1 f5 15. Qc6 Bb7 16. Qxc7 Nxc7 17. bxc5 dxc5 {1-0 (45) Sibashvili,G (2425)-Espinoza,J (2129) Batumi 2018}) 10... Re8 11. d5 a6 12. Rac1 {White is better.} c5 13. a3 h6 $146 ({Predecessor:} 13... Nf8 14. Ne1 {0-1 (51) Iglesias Vidal,J (1685)-Gutierrez Leon,C (1947) Mondariz 2012}) 14. Nd2 Rf8 15. b4 b6 16. bxc5 (16. Rb1 $16) 16... bxc5 17. Rb1 Nh7 18. a4 f5 {[#] Strongly threatening ...f4.White is slightly better.} 19. exf5 gxf5 {With the idea ...f4.} 20. f4 e4 {[%mdl 32768] Accuracy: White = 30%, Black = 25%. . Loss on time!?} 0-1

[Event "EWIBCC 2019"]
[Site "Monte-Carlo"]
[Date "2019.11.29"]
[Round "1.9"]
[White "Paehtz, Elisabeth"]
[Black "Kazarian, Anna-Maja"]
[Result "1-0"]
[WhiteElo "2484"]
[BlackElo "2109"]
[Annotator "TA"]
[PlyCount "37"]
[EventDate "2019.11.29"]
[EventType "swiss"]
[EventCountry "MNC"]
[SourceTitle "playchess.com"]
[Source "ChessBase"]
[SourceQuality "1"]

{[%evp 15,36,3,2,0,74,62,75,82,67,60,57,68,2024,1942,1844,1787,29995,29996,29997,29998,29998,29999,29999]} 1. d4 Nf6 ({Predecessor:} 1... d5 2. Bf4 Nf6 3. e3 c5 4. c3 Nc6 5. Nd2 e6 6. Ngf3 Bd6 7. Bg3 {1-0 (16) Schmid,P (2180)-Sadeghi,P (1588) Geneve 2019}) 2. Nf3 d5 3. Bf4 e6 4. e3 c5 5. Nbd2 Bd6 6. c3 O-O 7. Bg3 Nc6 8. Bd3 b6 9. e4 $146 {And now e5 would win. D02: 1 d4 d5 2 Nf3 sidelines, including 2...Nf6 3 g3 and 2...Nf6 3 Bf4} (9. Qe2 Bb7 10. Rd1 Re8 11. e4 Be7 12. e5 Nh5 13. a3 g6 14. Nf1 f5 15. exf6 Bxf6 16. Bb5 a6 17. Bxc6 Bxc6 {1-0 (34) Nihal,S (2598)-Sevian,S (2666) chess.com INT 2019}) 9... dxe4 (9... Be7 $11) 10. Nxe4 $16 Nxe4 11. Bxe4 {Strongly threatening dxc5.White is better.} Bb7 12. dxc5 Bxc5 13. Qa4 Qe8 $2 {[%mdl 8192] [#]} (13... Na5 $14) 14. Bxh7+ $1 $18 {[%mdl 512]} Kh8 (14... Kxh7 15. Qh4+) 15. Qh4 {White wants to mate with Bg6+.} Be7 16. Qh5 {White mates.} g5 17. Bc2+ Kg7 18. Qh7+ Kf6 19. Qh6# {Accuracy: White = 100%, Black = 27%.} 1-0

[Event "EWIBCC 2019"]
[Site "Monte-Carlo"]
[Date "2019.11.29"]
[Round "1.10"]
[White "Azimova, Karina"]
[Black "Bodnaruk, Anastasia"]
[Result "0-1"]
[WhiteElo "2081"]
[BlackElo "2412"]
[Annotator "TA"]
[PlyCount "58"]
[EventDate "2019.11.29"]
[EventType "swiss"]
[EventCountry "MNC"]
[SourceTitle "playchess.com"]
[Source "ChessBase"]
[SourceQuality "1"]

{[%evp 21,58,5,29,0,0,0,0,-23,-18,-33,-22,-26,33,38,123,114,110,118,112,114,125,125,125,130,140,104,109,63,195,191,178,175,183,53,64,-23,-27,-622,-568]} 1. e4 c5 2. Nc3 d6 3. f4 g6 4. Nf3 Bg7 5. d4 cxd4 6. Nxd4 Nf6 7. Be2 O-O 8. O-O Nc6 9. Be3 a6 10. Kh1 Bd7 11. Nb3 Rc8 12. Rb1 {B74: Sicilian Dragon: Classical System with 9 Nb3} (12. a4 Be6 13. Bf3 b5 14. axb5 axb5 15. Nd5 Nd7 16. c3 b4 17. Nxb4 Nxb4 18. cxb4 Bxb2 19. Rb1 Bg7 20. Na5 {½-½ (67) Aulia,M (2380)-Gareyev,T (2592) Surakarta 2018}) 12... b5 {[%cal Bb7b5,Bb5b4][%mdl 32]} 13. Bf3 b4 $146 ({Predecessor:} 13... Na5 14. Nxa5 Qxa5 15. e5 Rxc3 16. Bd2 Rxf3 17. Bxa5 Rxf1+ 18. Qxf1 dxe5 19. fxe5 {½-½ (60) Vainio,V (2160)-Hynninen,J (2210) Finland 2015}) 14. Nd5 {The position is equal.} Nxd5 $1 15. exd5 Na5 16. Bd4 f6 ({Black should play} 16... Bf6 $11) 17. Qd2 $14 Nc4 (17... Nxb3 $14 18. cxb3 a5) 18. Qxb4 $16 a5 {[#]} 19. Qe1 $1 Re8 20. Qf2 e5 21. dxe6 $1 Bxe6 22. Rfe1 {Rxe6! is the strong threat.} Bf7 23. Rxe8+ Qxe8 24. Nd2 a4 ({Black should try} 24... Nxd2 $14 25. Qxd2 Qa4) 25. Nxc4 Bxc4 26. b3 Bf7 27. bxa4 (27. f5 $18) 27... Qxa4 $14 28. Bg4 (28. Rb2 $14) 28... f5 $11 29. Bd1 $2 {[%mdl 8192] [#]} (29. Bxg7 $11 Kxg7 30. Bd1) 29... Qxd4 {Accuracy: White = 46%, Black = 42%.} 0-1